US Cities with the Highest Central American Immigrant Population - Statistics

General Stats
  • This quiz has been taken 72 times
  • The average score is 9 of 10
Answer Stats
Population State Answer % Correct
251,000 Texas Houston
98%
565,000 California Los Angeles
98%
377,000 New York New York City
98%
257,000 Florida Miami
97%
77,000 Massachusetts Boston
95%
112,000 Texas Dallas
95%
118,000 California San Francisco
95%
64,000 Georgia Atlanta
93%
305,000 Federal District Washington D.C.
93%
75,000 California Riverside
61%
No matching quizzes found
Score Distribution
Percent of People with Each Score
Percentile by Number Answered
Your Score History
You have not taken this quiz